000 00339nam a2200133Ia 4500
008 150301s2015 xx 000 0 und d
082 _a615.1
_bB09P
100 _aT.K PAL
245 _aBIO AVILABILITY AND BIOEQLIVALENCE IN PHARMACEUTICAL TECHNOLOGY
260 _bCBS- DELHI
300 _a160
650 _aPHARMACEUTICS
942 _2ddc
_cBK
999 _c7184
_d7184